[Event "Bohumin op-A 8th"]
[Site "Bohumin"]
[Date "2025.07.05"]
[Round "9"]
[White "Pulpan, Jakub"]
[Black "Trybus, Daniel"]
[Result "1/2-1/2"]
[WhiteElo "2405"]
[BlackElo "2077"]
[PlyCount "111"]
[EventDate "2025.06.28"]
[EventType "swiss"]
[EventRounds "9"]
[EventCountry "CZE"]
[SourceTitle "CB28_2025"]
[SourceDate "2025.07.09"]
[SourceVersion "1"]
[SourceVersionDate "2025.07.09"]
[SourceQuality "1"]

1. e4 c5 2. Nf3 d6 3. Bc4 Nf6 4. d3 e6 5. Qe2 Nc6 6. c3 Be7 7. Bb3 0-0 8. 0-0 b5 9. d4 cxd4 10. cxd4 d5 11. e5 Ne4 12. Nbd2 Bb7 13. Bc2 Nb4 14. Bb1 Rc8 15. a3 Nc2 16. Ra2 b4 17. Nb3 Qc7 18. Bxc2 Qxc2 19. Qxc2 Rxc2 20. axb4 Nc3 21. Rxa7 Ne2+ 22. Kh1 Rb8 23. Bd2 Rxb2 24. Nc1 Rb1 25. h4 h5 26. Re1 Nxc1 27. Rxc1 Rxc1+ 28. Bxc1 Bxb4 29. Kh2 Bc6 30. Ng5 Be8 31. Ba3 Bd2 32. Nf3 Bb4 33. Bxb4 Rxb4 34. Kg3 f6 35. Ra6 Bf7 36. Kf4 Rb2 37. Kg3 Re2 38. Ra3 Re4 39. Re3 Rg4+ 40. Kh2 Bg6 41. exf6 gxf6 42. Rxe6 Kf7 43. Rb6 Be4 44. Ne1 Rxh4+ 45. Kg1 Bf5 46. Rb4 Re4 47. Nd3 h4 48. f3 Re3 49. Nf4 h3 50. Rb7+ Kf8 51. Rb6 Kg7 52. Nh5+ Kg6 53. Nxf6 Kg5 54. gxh3 Rxf3 55. Nxd5 Kh4 56. Kg2 1/2-1/2

[Event "CZE-chT1W 2425"]
[Site "Czech Republic"]
[Date "2025.02.02"]
[Round "7.2"]
[White "Pulpan, Jakub"]
[Black "Cech, Pavel"]
[Result "1-0"]
[WhiteElo "2392"]
[BlackElo "2335"]
[PlyCount "55"]
[EventDate "2024.10.20"]
[EventType "team-tourn"]
[EventRounds "11"]
[EventCountry "CZE"]
[SourceTitle "CB16_2025"]
[SourceDate "2025.04.16"]
[SourceVersion "1"]
[SourceVersionDate "2025.04.16"]
[SourceQuality "1"]
[WhiteTeam "Lysa nad Labem II"]
[BlackTeam "Turnov Zikuda II"]
[WhiteTeamCountry "CZE"]
[BlackTeamCountry "CZE"]

1. e4 e6 2. d4 d5 3. Nd2 Nf6 4. e5 Nfd7 5. Bd3 c5 6. c3 Nc6 7. Ne2 cxd4 8. cxd4 f6 9. exf6 Nxf6 10. 0-0 Bd6 11. Nf3 Qc7 12. Bd2 0-0 13. Rc1 Bd7 14. Bc3 Rac8 15. Ng3 Bf4 16. Rc2 Ng4 17. Re1 Qb6 18. Rce2 e5 19. dxe5 Ncxe5 20. Nxe5 Bxe5 21. Bxe5 Nxf2 22. Bd4 Nxd1 23. Bxb6 axb6 24. Rd2 Nc3 25. bxc3 Rxc3 26. Be2 Bc6 27. Bf3 Rc5 28. Rb1 1-0

[Event "Titled Tuesday intern op 28th Jan Early"]
[Site "Chess.com INT"]
[Date "2025.01.28"]
[Round "2"]
[White "Alinasab, Mobina"]
[Black "Pulpan, Jakub"]
[Result "1-0"]
[WhiteElo "2322"]
[BlackElo "2407"]
[PlyCount "63"]
[EventDate "2025.01.28"]
[EventType "swiss (blitz)"]
[EventRounds "11"]
[EventCountry "USA"]
[SourceTitle "CB06_2025"]
[SourceDate "2025.02.05"]
[SourceVersion "1"]
[SourceVersionDate "2025.02.05"]
[SourceQuality "1"]

1. e4 c5 2. Nc3 Qc7 3. g3 a6 4. Bg2 e6 5. d3 b5 6. f4 Bb7 7. Nh3 Nf6 8. 0-0 b4 9. Ne2 Be7 10. Nf2 d5 11. e5 Nfd7 12. c4 Nb6 13. cxd5 Bxd5 14. Ne4 Nc6 15. Be3 c4 16. Rc1 cxd3 17. Qxd3 Qb7 18. Bc5 Rd8 19. Qe3 0-0 20. Bxb6 Rb8 21. Bc5 Rfd8 22. Bxe7 Nxe7 23. Nc5 Qb5 24. Bxd5 Nxd5 25. Qf2 Qa5 26. Nd4 Rbc8 27. Nb7 Qxa2 28. Nxd8 Rxd8 29. Nc6 Rf8 30. f5 exf5 31. Rfd1 Re8 32. Rxd5 1-0

[Event "Titled Tuesday intern op 28th Jan Early"]
[Site "Chess.com INT"]
[Date "2025.01.28"]
[Round "3"]
[White "Pulpan, Jakub"]
[Black "Minko, Dmitry"]
[Result "1-0"]
[WhiteElo "2407"]
[BlackElo "2247"]
[PlyCount "29"]
[EventDate "2025.01.28"]
[EventType "swiss (blitz)"]
[EventRounds "11"]
[EventCountry "USA"]
[SourceTitle "CB06_2025"]
[SourceDate "2025.02.05"]
[SourceVersion "1"]
[SourceVersionDate "2025.02.05"]
[SourceQuality "1"]

1. c4 e6 2. Nc3 d5 3. e3 Nf6 4. Nf3 a6 5. b3 c5 6. cxd5 exd5 7. d4 Nc6 8. Bb2 Bg4 9. Be2 Be7 10. dxc5 Bxc5 11. 0-0 0-0 12. Na4 Be7 13. Ne5 Bxe2 14. Qxe2 b5 15. Nxc6 1-0

[Event "Titled Tuesday intern op 21st Jan Late"]
[Site "Chess.com INT"]
[Date "2025.01.21"]
[Round "3"]
[White "D'Arruda, Ricardo D"]
[Black "Pulpan, Jakub"]
[Result "0-1"]
[WhiteElo "2271"]
[BlackElo "2407"]
[PlyCount "46"]
[EventDate "2025.01.21"]
[EventType "swiss (blitz)"]
[EventRounds "11"]
[EventCountry "USA"]
[SourceTitle "CB05_2025"]
[SourceDate "2025.01.29"]
[SourceVersion "1"]
[SourceVersionDate "2025.01.29"]
[SourceQuality "1"]

1. Nf3 d6 2. d4 Nf6 3. Nc3 Bf5 4. Nh4 Bc8 5. e4 Nbd7 6. f4 e5 7. Nf3 exd4 8. Nxd4 Be7 9. Bc4 0-0 10. Qf3 c6 11. Bb3 d5 12. exd5 Nb6 13. Be3 Nbxd5 14. Nxd5 cxd5 15. 0-0 Re8 16. c3 a5 17. a4 Bc5 18. Kh1 Qb6 19. Rfe1 Bg4 20. Qg3 Bd7 21. f5 Ne4 22. Qg4 Bxd4 23. Bxd4 Qxd4 0-1

[Event "Titled Tuesday intern op 21st Jan Late"]
[Site "Chess.com INT"]
[Date "2025.01.21"]
[Round "4"]
[White "Shankland, Samuel L"]
[Black "Pulpan, Jakub"]
[Result "1-0"]
[WhiteElo "2670"]
[BlackElo "2407"]
[PlyCount "96"]
[EventDate "2025.01.21"]
[EventType "swiss (blitz)"]
[EventRounds "11"]
[EventCountry "USA"]
[SourceTitle "CB05_2025"]
[SourceDate "2025.01.29"]
[SourceVersion "1"]
[SourceVersionDate "2025.01.29"]
[SourceQuality "1"]

1. c4 e6 2. g3 d5 3. Bg2 dxc4 4. Qa4+ Nd7 5. Qxc4 Ngf6 6. Nf3 e5 7. Ng5 Qe7 8. Nc3 h6 9. Nf3 c6 10. 0-0 Nb6 11. Qb3 Qc7 12. d4 exd4 13. Nxd4 Bc5 14. Bf4 Qd7 15. Rad1 Bxd4 16. e3 0-0 17. Rxd4 Qe6 18. Qc2 Nbd5 19. Rfd1 Nxc3 20. bxc3 Nd5 21. c4 Nxf4 22. Rxf4 Qe7 23. c5 Be6 24. Rd6 Qg5 25. Rb4 Rab8 26. a4 Qe5 27. h4 b6 28. Rxc6 bxc5 29. Rxb8 Rxb8 30. Rxc5 Qa1+ 31. Kh2 Qb2 32. Be4 Qf6 33. Kg2 g6 34. Qc3 Qxc3 35. Rxc3 Rb4 36. Bc2 Bd7 37. a5 Ba4 38. Bxa4 Rxa4 39. Rc5 Ra2 40. h5 gxh5 41. Rxh5 Kg7 42. Rc5 Kg6 43. Rc6+ f6 44. Ra6 h5 45. Rxa7 Ra4 46. Ra8 h4 47. gxh4 Rxh4 48. a6 Rh8 1-0

[Event "Titled Tuesday intern op 14th Jan Early"]
[Site "Chess.com INT"]
[Date "2025.01.14"]
[Round "1"]
[White "Pulpan, Jakub"]
[Black "Hossam Mohamed, Adham"]
[Result "1-0"]
[WhiteElo "2407"]
[BlackElo "2014"]
[PlyCount "43"]
[EventDate "2025.01.14"]
[EventType "swiss (blitz)"]
[EventRounds "11"]
[EventCountry "USA"]
[SourceTitle "CB04_2025"]
[SourceDate "2025.01.22"]
[SourceVersion "1"]
[SourceVersionDate "2025.01.22"]
[SourceQuality "1"]

1. c4 Nf6 2. Nc3 g6 3. g3 Bg7 4. Bg2 0-0 5. Nf3 d6 6. d4 c6 7. 0-0 Bf5 8. Re1 Ne4 9. Bd2 Nxc3 10. Bxc3 d5 11. cxd5 cxd5 12. Ne5 Bxe5 13. dxe5 Be6 14. e4 dxe4 15. Qc1 Nd7 16. Rxe4 Nc5 17. Rh4 h5 18. Qg5 Kh7 19. Bd4 Nd7 20. Rxh5+ gxh5 21. Be4+ Kh8 22. Qh6+ 1-0

[Event "CZE-ch Blitz"]
[Site "Brno"]
[Date "2024.12.21"]
[Round "12"]
[White "Caletka, Radomir"]
[Black "Pulpan, Jakub"]
[Result "0-1"]
[WhiteElo "2172"]
[BlackElo "2409"]
[PlyCount "82"]
[EventDate "2024.12.21"]
[EventType "swiss (blitz)"]
[EventRounds "15"]
[EventCountry "CZE"]
[SourceTitle "CB52_2024"]
[SourceDate "2024.12.25"]
[SourceVersion "1"]
[SourceVersionDate "2024.12.25"]
[SourceQuality "1"]

1. e4 e5 2. Nf3 Nc6 3. Nc3 Nf6 4. g3 Bb4 5. d3 d5 6. exd5 Qxd5 7. Bg2 e4 8. Nd2 Bxc3 9. bxc3 Bg4 10. Nxe4 Qe6 11. f3 Nxe4 12. dxe4 Bh3 13. 0-0 Bxg2 14. Kxg2 Rd8 15. Qe2 Ne5 16. Be3 Nc4 17. Bf4 0-0 18. Rad1 Qa6 19. Rd4 b5 20. Bxc7 Rc8 21. Bf4 Qxa2 22. Rfd1 Qb2 23. R4d3 a5 24. Bc1 Qa2 25. e5 Rce8 26. f4 a4 27. h4 Nb6 28. Rd6 Nc4 29. R6d4 Nb6 30. h5 h6 31. Rd6 Nc4 32. R6d4 Kh8 33. Re1 Qa1 34. Bd2 Qb2 35. Re4 Qxc2 36. f5 Qxd2 37. f6 Qxe2+ 38. R1xe2 gxf6 39. exf6 Rxe4 40. Rxe4 a3 41. Re7 Ra8 0-1

[Event "CZE-ch Blitz"]
[Site "Brno"]
[Date "2024.12.21"]
[Round "9"]
[White "Pulpan, Jakub"]
[Black "Cerveny, Martin"]
[Result "1-0"]
[WhiteElo "2409"]
[BlackElo "2321"]
[PlyCount "75"]
[EventDate "2024.12.21"]
[EventType "swiss (blitz)"]
[EventRounds "15"]
[EventCountry "CZE"]
[SourceTitle "CB52_2024"]
[SourceDate "2024.12.25"]
[SourceVersion "1"]
[SourceVersionDate "2024.12.25"]
[SourceQuality "1"]

1. Nf3 d6 2. d4 Nd7 3. e4 e5 4. Bc4 h6 5. dxe5 dxe5 6. Bxf7+ Kxf7 7. Nxe5+ Ke7 8. Ng6+ Ke8 9. Nxh8 Ngf6 10. Ng6 Kf7 11. Nxf8 Qxf8 12. 0-0 Kg8 13. Nc3 c6 14. Bf4 Nb6 15. e5 Nh7 16. Be3 Nc4 17. Qd4 Be6 18. b3 Nb6 19. Qd6 Qf7 20. Bxb6 axb6 21. f4 Nf8 22. Ne2 Ng6 23. f5 Bxf5 24. Ng3 Ne7 25. Qc7 Qe6 26. Qxb7 Rd8 27. Rad1 Rxd1 28. Qb8+ Kh7 29. Rxd1 Bxc2 30. Rc1 Bg6 31. Qxb6 Qxe5 32. Qc5 Qe6 33. h3 Nd5 34. Kh2 Qe5 35. Qxc6 Ne3 36. Qf3 Nf5 37. Rc4 Nd4 38. Qc3 1-0

[Event "CZE-ch Blitz"]
[Site "Brno"]
[Date "2024.12.21"]
[Round "3"]
[White "Pulpan, Jakub"]
[Black "Lacina, Adolf"]
[Result "1-0"]
[WhiteElo "2409"]
[BlackElo "2205"]
[PlyCount "75"]
[EventDate "2024.12.21"]
[EventType "swiss (blitz)"]
[EventRounds "15"]
[EventCountry "CZE"]
[SourceTitle "CB52_2024"]
[SourceDate "2024.12.25"]
[SourceVersion "1"]
[SourceVersionDate "2024.12.25"]
[SourceQuality "1"]

1. e4 e6 2. d4 d5 3. Nd2 Nf6 4. Bd3 c5 5. c3 Nc6 6. Ngf3 Be7 7. 0-0 cxd4 8. cxd4 dxe4 9. Nxe4 0-0 10. Nc3 b6 11. a3 Bb7 12. Bg5 Rc8 13. Rc1 Nd5 14. Bd2 Bf6 15. Be3 Qd6 16. Ne4 Qb8 17. Qe2 Be7 18. Nc3 Nf4 19. Bxf4 Qxf4 20. d5 Nd4 21. Nxd4 Qxd4 22. dxe6 f6 23. Rfd1 Qh4 24. Be4 Rxc3 25. Bxb7 Rxc1 26. Rxc1 Rd8 27. g3 Qg5 28. Rc7 f5 29. h4 Qf6 30. Bf3 f4 31. Kg2 fxg3 32. fxg3 Bd6 33. Rxa7 Re8 34. Rd7 Be5 35. Bd5 Qf5 36. e7+ Kh8 37. Rd8 Qg6 38. Qxe5 1-0

[Event "CZE-ch Blitz"]
[Site "Brno"]
[Date "2024.12.21"]
[Round "15"]
[White "Pulpan, Jakub"]
[Black "Michalik, Peter"]
[Result "1/2-1/2"]
[WhiteElo "2409"]
[BlackElo "2561"]
[PlyCount "51"]
[EventDate "2024.12.21"]
[EventType "swiss (blitz)"]
[EventRounds "15"]
[EventCountry "CZE"]
[SourceTitle "CB52_2024"]
[SourceDate "2024.12.25"]
[SourceVersion "1"]
[SourceVersionDate "2024.12.25"]
[SourceQuality "1"]

1. Nf3 Nf6 2. b3 d5 3. Bb2 Bf5 4. Nh4 Bg6 5. Nxg6 hxg6 6. g3 e6 7. Bg2 Bd6 8. d3 Nbd7 9. Nd2 Qe7 10. a3 c6 11. e3 a5 12. a4 Be5 13. Qc1 Bxb2 14. Qxb2 0-0 15. 0-0 Rfd8 16. Rfe1 Rac8 17. e4 dxe4 18. Bxe4 Nxe4 19. Nxe4 Nf6 20. Qc3 b6 21. Nxf6+ Qxf6 22. Qxf6 gxf6 23. Re4 f5 24. Re5 c5 25. Rae1 Kg7 26. Kg2 1/2-1/2

[Event "CZE-ch Blitz"]
[Site "Brno"]
[Date "2024.12.21"]
[Round "13"]
[White "Pulpan, Jakub"]
[Black "Navara, David"]
[Result "1-0"]
[WhiteElo "2409"]
[BlackElo "2665"]
[PlyCount "99"]
[EventDate "2024.12.21"]
[EventType "swiss (blitz)"]
[EventRounds "15"]
[EventCountry "CZE"]
[SourceTitle "CB52_2024"]
[SourceDate "2024.12.25"]
[SourceVersion "1"]
[SourceVersionDate "2024.12.25"]
[SourceQuality "1"]

1. Nf3 d5 2. e3 Nf6 3. c4 e6 4. b3 c5 5. Bb2 Nc6 6. cxd5 exd5 7. Bb5 Bd6 8. 0-0 0-0 9. d4 Bg4 10. dxc5 Bxc5 11. Be2 Qe7 12. Nc3 Rad8 13. Nb5 d4 14. Nbxd4 Nxd4 15. Bxd4 Bxd4 16. exd4 Nd5 17. Qd2 Qf6 18. h3 Bc8 19. Qg5 Nf4 20. Rfe1 Qxg5 21. Nxg5 Rxd4 22. Bc4 Rd7 23. Rad1 Rc7 24. Rd4 Ng6 25. h4 h6 26. h5 Ne7 27. Nxf7 Rxc4 28. Rxc4 Kxf7 29. Rc7 Be6 30. Rxb7 a5 31. f4 Kf6 32. Rb6 Kf5 33. Rbxe6 Ng8 34. g3 Nf6 35. Kg2 Kg4 36. R6e5 Nxh5 37. Rxa5 Rc8 38. Re2 Nxg3 39. Rd2 Nh5 40. Ra7 Nxf4+ 41. Kh2 g5 42. b4 Rc3 43. b5 Rh3+ 44. Kg1 Rg3+ 45. Kf1 Rc3 46. b6 Kg3 47. Ke1 Rc1+ 48. Rd1 Rc2 49. Ra3+ Kg2 50. Rd2+ 1-0

[Event "CZE-chT1W 2425"]
[Site "Czech Republic"]
[Date "2024.11.24"]
[Round "3.3"]
[White "Simek, Petr1"]
[Black "Pulpan, Jakub"]
[Result "0-1"]
[WhiteElo "2321"]
[BlackElo "2392"]
[PlyCount "84"]
[EventDate "2024.10.20"]
[EventType "team-tourn"]
[EventRounds "11"]
[EventCountry "CZE"]
[SourceTitle "CB16_2025"]
[SourceDate "2025.04.16"]
[SourceVersion "1"]
[SourceVersionDate "2025.04.16"]
[SourceQuality "1"]
[WhiteTeam "Unichess MGMBA"]
[BlackTeam "Lysa nad Labem II"]
[WhiteTeamCountry "CZE"]
[BlackTeamCountry "CZE"]

1. e4 e5 2. Nf3 Nc6 3. Bb5 a6 4. Ba4 Nf6 5. 0-0 Be7 6. Re1 b5 7. Bb3 0-0 8. c3 d6 9. h3 Nb8 10. d4 Nbd7 11. Nbd2 Bb7 12. Bc2 c5 13. b3 cxd4 14. cxd4 Re8 15. d5 Rc8 16. b4 Qc7 17. Bb3 a5 18. a3 Bd8 19. Ra2 Qb8 20. Nb1 Qa7 21. Be3 Bb6 22. Bxb6 Nxb6 23. Qd3 a4 24. Bd1 Bxd5 25. exd5 e4 26. Qxb5 exf3 27. Rxe8+ Rxe8 28. Nc3 Re1+ 29. Kh2 Qe7 30. Qxb6 Ng4+ 31. Kg3 Qe5+ 32. Kxg4 fxg2 33. Qd8+ Qe8 34. Qxe8+ Rxe8 35. Ne2 Rxe2 36. Bxe2 g1Q+ 37. Kf3 Qh1+ 38. Ke3 Qxh3+ 39. f3 Qh6+ 40. Kd3 Qg6+ 41. Kc3 Qf6+ 42. Kc4 h5 0-1

[Event "Budapest Vezerkepzo Haag IM-A 11"]
[Site "Budapest"]
[Date "2024.11.10"]
[Round "8"]
[White "Pulpan, Jakub"]
[Black "Levay, Sorin"]
[Result "1-0"]
[WhiteElo "2398"]
[BlackElo "2077"]
[PlyCount "47"]
[EventDate "2024.11.04"]
[EventType "tourn"]
[EventRounds "9"]
[EventCountry "HUN"]
[SourceTitle "CB45_2024"]
[Source "ChessBase"]
[SourceDate "2024.11.06"]
[SourceVersion "1"]
[SourceVersionDate "2024.11.06"]
[SourceQuality "1"]

1. e4 c5 2. Nf3 d6 3. d4 cxd4 4. Nxd4 Nf6 5. Nc3 g6 6. Be3 Bg7 7. f3 0-0 8. Qd2 Nc6 9. Bc4 Bd7 10. Bb3 Qa5 11. Nde2 Rfc8 12. Bh6 Bh8 13. 0-0 b5 14. a3 Qb6+ 15. Kh1 a5 16. Bg5 Be6 17. Bxe6 fxe6 18. a4 b4 19. Nb5 Ne5 20. b3 Nc6 21. Rac1 Nd7 22. Rfd1 Qb7 23. Bxe7 Nxe7 24. Nxd6 1-0

[Event "Titled Tuesday intern op 24th Sep Late"]
[Site "Chess.com INT"]
[Date "2024.09.24"]
[Round "3"]
[White "Oparin, Grigoriy"]
[Black "Pulpan, Jakub"]
[Result "1/2-1/2"]
[WhiteElo "2662"]
[BlackElo "2392"]
[PlyCount "112"]
[EventDate "2024.09.24"]
[EventType "swiss (blitz)"]
[EventRounds "11"]
[EventCountry "USA"]
[SourceTitle "EXT 2025"]
[Source "ChessBase"]
[SourceDate "2024.10.14"]
[SourceVersion "1"]
[SourceVersionDate "2024.10.14"]
[SourceQuality "1"]

1. d4 Nf6 2. c4 e6 3. Nc3 Bb4 4. e3 0-0 5. Nge2 Re8 6. a3 Bf8 7. e4 d5 8. e5 Nfd7 9. h4 c5 10. Bg5 Qb6 11. b4 cxb4 12. c5 Nxc5 13. dxc5 Bxc5 14. axb4 Bxf2+ 15. Kd2 Nc6 16. Qa4 Bd7 17. b5 Nxe5 18. Nc1 Rac8 19. Rh3 h6 20. Be3 Bxe3+ 21. Rxe3 Nc4+ 22. Bxc4 Rxc4 23. Qb3 Rec8 24. Rd3 Qf2+ 25. N3e2 e5 26. Rf3 Qxg2 27. Rg3 Qe4 28. Rxa7 Rxc1 29. Nxc1 Qd4+ 30. Nd3 Qxa7 31. Qxd5 Be8 32. Qxe5 g6 33. h5 Qa5+ 34. Ke3 Qc7 35. hxg6 fxg6 36. Qe6+ Bf7 37. Rxg6+ Kf8 38. Qd6+ Qxd6 39. Rxd6 Re8+ 40. Kf4 Bc4 41. Ne5 Bxb5 42. Rxh6 Kg7 43. Rg6+ Kf8 44. Rb6 Ba6 45. Nd7+ Ke7 46. Nc5 Rf8+ 47. Ke5 Rh8 48. Nxb7 Rh5+ 49. Kd4 Bxb7 50. Rxb7+ Kd6 51. Rf7 Rh4+ 52. Ke3 Rh5 53. Rf3 Re5+ 54. Kf2 Ke6 55. Re3 Kf5 56. Rxe5+ Kxe5 1/2-1/2

[Event "Titled Tuesday intern op 17th Sep Early"]
[Site "Chess,com INT"]
[Date "2024.09.17"]
[Round "2"]
[White "Baches Garcia, Guillermo"]
[Black "Pulpan, Jakub"]
[Result "0-1"]
[WhiteElo "2322"]
[BlackElo "2392"]
[PlyCount "114"]
[EventDate "2024.09.17"]
[EventType "swiss (blitz)"]
[EventRounds "11"]
[EventCountry "USA"]
[SourceTitle "EXT 2025"]
[Source "ChessBase"]
[SourceDate "2024.10.14"]
[SourceVersion "1"]
[SourceVersionDate "2024.10.14"]
[SourceQuality "1"]

1. d4 c6 2. c4 d5 3. Nc3 Nf6 4. Nf3 a6 5. Qc2 g6 6. e4 dxe4 7. Nxe4 Nxe4 8. Qxe4 Bg7 9. Be2 0-0 10. 0-0 Nd7 11. Bf4 Nf6 12. Qe3 Bg4 13. h3 Bxf3 14. Bxf3 e6 15. Be5 Nd7 16. Bd6 Re8 17. c5 Nf6 18. Rfe1 Nd5 19. Qd2 Bf8 20. Be5 Bg7 21. Bd6 Ne7 22. g4 Nc8 23. Be5 Bxe5 24. Rxe5 Qf6 25. Kg2 Ne7 26. Rae1 Rad8 27. Qe3 Rd7 28. b4 Red8 29. Rd1 Nd5 30. Bxd5 Rxd5 31. f4 R8d7 32. Rd3 Qd8 33. Re4 a5 34. a3 axb4 35. axb4 b6 36. Kg3 bxc5 37. bxc5 Rxc5 38. Ra3 Rcd5 39. Qc3 c5 40. Ra6 Rxd4 41. Rxd4 cxd4 42. Qc6 d3 43. Ra8 d2 44. Qxd7 Qxa8 45. Qxd2 Qa3+ 46. Kh4 Qe7+ 47. Kg3 h6 48. h4 h5 49. gxh5 gxh5 50. Qd4 Qf8 51. Kf3 Qg7 52. Qd8+ Kh7 53. Qd3+ Qg6 54. Qd8 Qg4+ 55. Ke3 Qg3+ 56. Ke4 f5+ 57. Ke5 Qe1+ 0-1

[Event "Titled Tuesday intern op 17th Sep Early"]
[Site "Chess,com INT"]
[Date "2024.09.17"]
[Round "3"]
[White "Bortnyk, Olexandr"]
[Black "Pulpan, Jakub"]
[Result "1/2-1/2"]
[WhiteElo "2608"]
[BlackElo "2392"]
[PlyCount "130"]
[EventDate "2024.09.17"]
[EventType "swiss (blitz)"]
[EventRounds "11"]
[EventCountry "USA"]
[SourceTitle "EXT 2025"]
[Source "ChessBase"]
[SourceDate "2024.10.14"]
[SourceVersion "1"]
[SourceVersionDate "2024.10.14"]
[SourceQuality "1"]

1. d4 Nf6 2. Nc3 d5 3. Bf4 c5 4. e4 Nxe4 5. Nxe4 dxe4 6. dxc5 Qa5+ 7. c3 Qxc5 8. Qa4+ Nc6 9. Qxe4 g6 10. Nf3 Bg7 11. Rd1 0-0 12. Be3 Qf5 13. Bd3 Qxe4 14. Bxe4 Be6 15. Bd5 Bxd5 16. Rxd5 Rfd8 17. Rb5 b6 18. Ke2 Kf8 19. g4 Na5 20. Rb4 Rac8 21. Nd2 Nc6 22. Re4 Ne5 23. h4 Nd3 24. Rb1 Nc5 25. Rb4 Rd7 26. Ne4 Nxe4 27. Rxe4 Rd5 28. a4 h5 29. gxh5 Rxh5 30. Rd1 Ke8 31. Bg5 f6 32. Be3 Bh6 33. Bxh6 Rxh6 34. Rd6 Rxh4 35. Rxh4 exd6 36. Rh8+ Kd7 37. Rh7+ Ke6 38. Rxa7 Kd5 39. Rf7 Re8+ 40. Kd3 Re6 41. b4 g5 42. a5 bxa5 43. bxa5 Ke5 44. Kc4 d5+ 45. Kb5 d4 46. cxd4+ Kxd4 47. a6 Ke5 48. a7 Re8 49. Kb6 f5 50. Kb7 g4 51. a8Q Rxa8 52. Kxa8 Ke4 53. Kb7 f4 54. Rg7 Kf3 55. Kc6 g3 56. fxg3 fxg3 57. Rf7+ Ke2 58. Re7+ Kf2 59. Rf7+ Ke2 60. Rg7 Kf2 61. Kd5 g2 62. Rf7+ Ke2 63. Re7+ Kf2 64. Rg7 g1Q 65. Rxg1 Kxg1 1/2-1/2

[Event "Titled Tuesday intern op 17th Sep Late"]
[Site "Chess,com INT"]
[Date "2024.09.17"]
[Round "1"]
[White "Pulpan, Jakub"]
[Black "Koc, Przemyslaw"]
[Result "1-0"]
[WhiteElo "2392"]
[BlackElo "2346"]
[PlyCount "61"]
[EventDate "2024.09.17"]
[EventType "swiss (blitz)"]
[EventRounds "11"]
[EventCountry "USA"]
[SourceTitle "EXT 2025"]
[Source "ChessBase"]
[SourceDate "2024.10.14"]
[SourceVersion "1"]
[SourceVersionDate "2024.10.14"]
[SourceQuality "1"]

1. e4 d5 2. exd5 Qxd5 3. Nf3 Bg4 4. Be2 Nc6 5. h3 Bh5 6. Nc3 Qd7 7. d4 e6 8. Be3 0-0-0 9. Ne4 Nf6 10. Nxf6 gxf6 11. c3 e5 12. dxe5 Qxd1+ 13. Rxd1 Rxd1+ 14. Bxd1 Bxf3 15. Bxf3 Nxe5 16. Be4 Bd6 17. g4 Nc4 18. Bf5+ Kb8 19. Bc1 Re8+ 20. Kf1 Rh8 21. h4 Ne5 22. Bh6 Be7 23. h5 Bf8 24. Bxf8 Rxf8 25. Bxh7 Nf3 26. Bf5 Ng5 27. f4 Ne6 28. Bxe6 fxe6 29. h6 Rh8 30. g5 fxg5 31. fxg5 1-0

[Event "Titled Tuesday intern op 17th Sep Late"]
[Site "Chess,com INT"]
[Date "2024.09.17"]
[Round "3"]
[White "Pulpan, Jakub"]
[Black "Pranesh, M."]
[Result "1-0"]
[WhiteElo "2392"]
[BlackElo "2580"]
[PlyCount "243"]
[EventDate "2024.09.17"]
[EventType "swiss (blitz)"]
[EventRounds "11"]
[EventCountry "USA"]
[SourceTitle "EXT 2025"]
[Source "ChessBase"]
[SourceDate "2024.10.14"]
[SourceVersion "1"]
[SourceVersionDate "2024.10.14"]
[SourceQuality "1"]

1. Nf3 b6 2. g3 Bb7 3. Bg2 f5 4. d4 Nf6 5. c4 e6 6. 0-0 Be7 7. Nc3 0-0 8. d5 Bb4 9. Nd4 Bxc3 10. bxc3 exd5 11. Nxf5 Ne4 12. Ne3 Na6 13. Nxd5 Nd6 14. Bf4 Kh8 15. Nxc7 Bxg2 16. Kxg2 Rxf4 17. Nxa6 Rf6 18. Qd5 Rc8 19. c5 Nb5 20. Qd3 Nxc3 21. Qxc3 bxc5 22. Nxc5 d6 23. Rad1 Qe8 24. Qe3 Qxe3 25. fxe3 dxc5 26. Rd7 c4 27. Rc1 h6 28. Rxa7 c3 29. Ra3 c2 30. Rd3 Rb6 31. Rd2 Rb2 32. a4 Rc4 33. a5 Ra2 34. a6 Rc3 35. a7 Rxa7 36. Rcxc2 Rxe3 37. Rd3 Re6 38. Rf3 Rae7 39. Kf2 Kh7 40. h3 Ra6 41. Re3 Rf7+ 42. Rf3 Re7 43. Rd2 Ra1 44. Rfd3 Rh1 45. Kg2 Re1 46. Kf2 Rh1 47. h4 Rf7+ 48. Ke3 Rg1 49. Kd4 Rd7+ 50. Ke4 Re7+ 51. Kd4 Ra1 52. Kc3 Ra4 53. Kc2 Rae4 54. Kd1 Ra4 55. Rc2 Ra1+ 56. Rc1 Ra2 57. Rc2 Ra1+ 58. Kd2 Rf1 59. Rcc3 Rf2 60. Re3 Ra7 61. Rc2 Rd7+ 62. Rd3 Re7 63. Ke1 Ref7 64. Re3 Rf1+ 65. Kd2 Ra1 66. Rd3 Re7 67. Re3 Rea7 68. Rec3 Rd7+ 69. Ke3 Re7+ 70. Kf2 Ra6 71. Rc7 Rf6+ 72. Kg2 Re3 73. R7c3 Re7 74. Rf3 Rfe6 75. Kf2 Ra6 76. e3 Ra1 77. Re2 Ra4 78. Rf4 Ra1 79. e4 g5 80. hxg5 hxg5 81. Rf6 Kg7 82. Rb6 Ra3 83. Re3 Ra5 84. Kf3 Rae5 85. Rd6 Re8 86. Re2 R8e7 87. Re1 Re8 88. Rd4 Kg6 89. Kg4 R8e6 90. Re3 Re7 91. Rd6+ Kg7 92. Rd4 R7e6 93. Rc4 Kg6 94. Re2 Rf6 95. Rd2 Rfe6 96. Rdd4 Rf6 97. Rd5 Rfe6 98. Kf3 Kf6 99. Rcd4 Ra6 100. Kg4 Rae6 101. Kf3 Ra6 102. Ke3 Ra3+ 103. Rd3 Ra4 104. Rd6+ Kf7 105. R6d4 Ra6 106. Kf3 Kg6 107. Kg4 Rae6 108. Re3 Rf6 109. Rb4 Rfe6 110. Kf3 Rf6+ 111. Ke2 Rd6 112. Rc3 Rde6 113. Ke3 Rf6 114. Rcb3 g4 115. Rb6 Rxb6 116. Rxb6+ Kg5 117. Rd6 Re8 118. Rd5+ Kf6 119. Kf4 Ke6 120. Re5+ Kd7 121. Rxe8 Kxe8 122. Kxg4 1-0

[Event "Titled Tuesday intern op 10th Sep Late"]
[Site "Chess,com INT"]
[Date "2024.09.10"]
[Round "3"]
[White "Ibarra Jerez, Jose Carlos"]
[Black "Pulpan, Jakub"]
[Result "1-0"]
[WhiteElo "2559"]
[BlackElo "2392"]
[PlyCount "77"]
[EventDate "2024.09.10"]
[EventType "swiss (blitz)"]
[EventRounds "11"]
[EventCountry "USA"]
[SourceTitle "EXT 2025"]
[Source "ChessBase"]
[SourceDate "2024.10.14"]
[SourceVersion "1"]
[SourceVersionDate "2024.10.14"]
[SourceQuality "1"]

1. e4 e5 2. Nf3 Nc6 3. d4 exd4 4. Nxd4 Bb4+ 5. c3 Bc5 6. Be3 Bb6 7. Nf5 Bxe3 8. Nxe3 Nf6 9. f3 0-0 10. c4 Nh5 11. Qd2 Qh4+ 12. g3 Nxg3 13. Qf2 Nxf1 14. Qxh4 Nxe3 15. Rg1 Nc2+ 16. Kd2 Nxa1 17. Qf6 g6 18. h4 Re8 19. b3 Re6 20. Qxa1 Ne5 21. Ke2 b5 22. f4 Nxc4 23. Nc3 Nd6 24. Nd5 Bb7 25. Nf6+ Rxf6 26. Qxf6 Re8 27. Qb2 Rxe4+ 28. Kd2 Rxf4 29. Kc1 Rxh4 30. Qf6 Re4 31. Qd8+ Kg7 32. Qxc7 Re6 33. Rd1 Bc6 34. Rxd6 Re1+ 35. Rd1 Re2 36. Qxa7 h5 37. Qd4+ Kg8 38. Rf1 h4 39. Qxh4 1-0